Psychoterapeutický program pro léčbu gamblingu

Bibliographic Details
Main Authors: Frouzová, Magdalena, 1948- (Author), Mráčková, Eva, 1954- (Author)
Format: Article
Language:Slovak
Czech
PhysicalDescription:Obr. 4
ISSN:0862-0350
Subjects:

MARC

LEADER 00000nab a2200000 a 4500
001 vtls000576954
003 SK-MaSNL
005 20260304210405.0
008 250425c1995 xo 0 slo
015 |a SNBRB19rr/mm-uuuuu 
035 |a CL0577092 
035 |a urn:nbn:sk:snk-ab97ir 
035 |a (urnnbn)urn:nbn:sk:snk:ar-00770k 
035 |a (uuid)35b8e6bf-553d-41c9-8e72-40d6bda9f853 
040 |a SNKBUCL  |b slo  |c SNKBUCL  |e AACR2 
041 0 |a cze 
044 |a xo  |c SK 
080 |a 615.851:616.89-008.48:794.9  |2 1981 
080 |a 616.89-008.48  |2 1981 
080 |a 794.9  |2 1981 
100 1 |a Frouzová, Magdalena,  |d 1948-  |4 aut  |9 218329 
245 1 0 |a Psychoterapeutický program pro léčbu gamblingu  |c M. Frouzová, E. Mráčková 
300 |b Obr. 4 
650 0 7 |a hráčstvo patologické  |2 snkbucl  |9 538889 
650 0 7 |a psychoterapia  |2 snkbucl  |9 2575 
655 7 |a články z novín a časopisov  |2 snkbucl  |9 267496 
700 1 |a Mráčková, Eva,  |d 1954-  |4 aut  |9 234304 
773 0 |t Alkoholizmus a drogové závislosti (Protialkoholický obzor)  |g Roč. 30, č. 4 (1995), s. 201-205  |x 0862-0350 
850 |a Slovenská národná knižnica 
852 |a Slovenská národná knižnica 
954 |a odborná, vedecká literatúra cudzojazyčná (svetová)  |2 lita 
958 |a article13 
958 |a RK 
958 |a MI 
958 |a OND 
958 |a EUIPO 
992 |a RBX 
999 |c 3125883  |d 3127813